U.S. States in chronological order - Statistics

General Stats
  • This quiz has been taken 739 times
  • The average score is 22 of 34
Answer Stats
Year State % Correct
1787 Delaware, Pennsylvania, New Jersey
98%
1788 Georgia, Connecticut, Massachusetts, Maryland, South Carolina, New Hampshire, Virginia, New york
95%
1789 North Carolina
85%
1959 Alaska, Hawaii
81%
1790 Rhode Island
78%
1791 Vermont
78%
1803 Ohio
75%
1792 Kentucky
72%
1845 Florida, Texas
71%
1796 Tennessee
71%
1912 New Mexico, Arizona
70%
1816 Indiana
67%
1812 Louisiana
67%
1850 California
64%
1819 Alabama
63%
1818 Illinois
63%
1889 North Dakota, South Dakota,Montana, Washington
63%
1820 Maine
62%
1817 Mississippi
62%
1890 Idaho, Wyoming
61%
1821 Missouri
61%
1907 Oklahoma
60%
1896 Utah
60%
1837 Michigan
59%
1836 Arkansas
57%
1876 Colorado
56%
1846 Iowa
56%
1861 Kansas
56%
1858 Minnesota
56%
1859 Oregon
56%
1863 West Virginia
56%
1848 Wisconsin
56%
1864 Nevada
54%
1867 Nebraska
50%
No matching quizzes found
Score Distribution
Percent of People with Each Score
Percentile by Number Answered
Your Score History
You have not taken this quiz